=LDR 00000nam 2200000 4500 =001 NUTBA000000000001381 =005 20210506011504 =035 ##$$a 0010-041400000000651 =008 210506################g##########0#ind## =020 ##$$a 979-421-135-4 =082 ##$$a 338.1 =100 ##$$a Soekartawi =245 1#$$a Prinsip dasar ekonomi pertanian =250 ##$$a cet.4 =260 ##$$a Jakarta :$b Raja Grafindo Persada,$c 2002 =300 ##$$a xxvi,238 hlm ; $c 21x14 cm =084 ##$$a 338.1 SOE p =650 #4$$a Ekonomi pertanian =990 ##$$a 1038515 =990 ##$$a 00089872 =990 ##$$a 00086057